La morale universelle ou les devoirs de l'homme fondés sur sa nature

Guardat en:
Dades bibliogràfiques
Autor principal: Holbach, Paul Henri Dietrich (Autor)
Format: Llibre
Idioma:francès
Publicat: Stuttgart Friedrich Frommann 1970
Matèries:
Etiquetes: Afegir etiqueta
Sense etiquetes, Sigues el primer a etiquetar aquest registre!

MARC

LEADER 00000nam a2200000 a 4500
001 UCU0698
003 CL-VaPUC
008 960327e19700000GW |||||||||||||||||fre|d
082 0 4 |a 170  |b HOL  |2 21 
100 |a Holbach, Paul Henri Dietrich  |e author  |9 356089 
245 1 3 |a La morale universelle ou les devoirs de l'homme fondés sur sa nature 
300 |a v 
942 |c BK 
945 |d 19960327 00:00:00  |a rbrito 
260 |a Stuttgart  |b Friedrich Frommann  |c 1970 
650 0 |a Ética  |9 255099 
650 0 |a Conceptos morales   |9 310606 
650 7 |a DESARROLLO MORAL  |2 CL-VaPUC  |9 310605 
650 0 |a Filosofía   |9 223554 
650 0 |a Teología moral   |9 256617 
583 |a last modification  |c 19960327 00:00:00  |k Rodrigo Vera 
999 |c 245531  |d 245529 
952 |0 0  |1 0  |4 0  |6 170_000000000000000_HOL_1970  |7 0  |8 P  |9 260057  |a BIBEDU  |b BIBEDU  |c BIBEDU_PB  |d 2019-11-19  |h v.1  |i 3186024  |o 170 HOL 1970  |p 3186024  |r 2024-01-25  |w 2019-11-19  |y BK  |k FIL